000 00631nam a2200229Ia 4500
003 OSt
005 20220918111518.0
006 a|||||r|||| 00| 0
007 cj aa aaaaa
008 220917b |||||||| |||| 00| 0 eng d
024 _a71502
037 _cDigitized Books
040 _aARTS
_cARTS
_beng
041 _2eng
_aeng
082 _a"R3xL24:g, H2"
100 _aKant Immanuel
_910597
245 0 _aLiving thoughts presented by Julien Benda
260 _aLondon
_bCassell
_c1942
300 _a154p.
_ccm.
942 _h"R3xL24:g, H2"
_cEBOOK
_2CC
999 _c116657
_d116657